| 000 | 00825nam a2200217 a 4500 | ||
|---|---|---|---|
| 001 | 000032902 | ||
| 003 | DO-SdBNP | ||
| 005 | 20250702103250.0 | ||
| 008 | 110801s2007 sp d 000 0 spa d | ||
| 020 | _a9684182155 | ||
| 040 |
_aDO-SdBNP _bspa _cBNPHU |
||
| 082 | 4 |
_aR 036.1 _bG748d _222 |
|
| 245 | 0 | 0 |
_aGran diccionario enciclopédico Time Life / _crealización editorial, Jorge Hernán López Cano |
| 250 | _a2a. edición | ||
| 260 |
_aMexíco, D.F. : _bEdiciones Culturales Internacionales, _c2007. |
||
| 300 |
_a1158, xxxii páginas : _bilustraciones en color, mapas, retratos algunos en color ; _c27 cm + _e 1 CD-ROM (4 3/4 plg) en bolsillo. |
||
| 650 | 4 |
_aEnciclopedias y diccionarios españoles _92045 |
|
| 650 | 4 |
_aEspañol _vDiccionarios |
|
| 700 | 1 | 2 |
_aLópez Cano, Jorge Hernán _eed. _958667 |
| 942 |
_2ddc _cLBS1 |
||
| 999 |
_c32393 _d32393 |
||